Entry Personal Name
Number of records used in: 2
001 - CONTROL NUMBER
003 - CONTROL NUMBER IDENTIFIER
005 - DATE AND TIME OF LATEST TRANSACTION
- control field:
20230819153115.0
008 - FIXED-LENGTH DATA ELEMENTS
- fixed length control field:
880531n| azannaabn |n aaa
010 ## - LIBRARY OF CONGRESS CONTROL NUMBER
- LC control number:
n 88640444
016 ## - NATIONAL BIBLIOGRAPHIC AGENCY CONTROL NUMBER
- Record control number:
1015A4727E
035 ## - SYSTEM CONTROL NUMBER
- System control number:
(OCoLC)oca02290142
040 ## - CATALOGING SOURCE
- Original cataloging agency:
DLC
- Language of cataloging:
eng
- Description conventions:
rda
- Transcribing agency:
DLC
- Modifying agency:
DLC
- Modifying agency:
CaOONL
042 ## - AUTHENTICATION CODE
100 1# - HEADING--PERSONAL NAME
- Personal name:
Noe, Raymond A.
377 ## - ASSOCIATED LANGUAGE
670 ## - SOURCE DATA FOUND
- Source citation:
nuc88-67022: His The influence of assessment center ... 1986
- Information found:
(hdg. on NIC rept.: Noe, Raymond A.; usage: Raymond A. Noe)
670 ## - SOURCE DATA FOUND
- Source citation:
Readings in human resource management, 1994:
- Information found:
CIP t.p. (Raymond A. Noe, Univ. of Minnesota)
670 ## - SOURCE DATA FOUND
- Source citation:
Human resource management, 2020:
- Information found:
eCIP t.p. (Raymond A. Noe, The Ohio State University)